00730cam a22001817a 4500008004000000020001500040082001200055245008900067260003300156300001000189650006000199650005300259650006300312650004700375700002400422999001900446952008300465180718b2007 xxu||||| |||| 00| 0 eng d a8131404536 aT33 Iy9 aCase studies on ethics and corporate governance, vol.1cedited by H. Ramaseshan Iyer aHyderabadbICFAI Booksc2007 a251p. aIndustrial management -- Environmental aspects -- India aIndustrial management -- Social aspects -- India aSocial responsibility of business -- India -- Case studies aSocial responsibility of business -- India aIyer, H. Ramaseshan c407937d407937 00104070aIIPAbIIPAd2009-01-13oT33 Iy9p82819r2018-07-21w2018-07-21yBK